zpět

Detail výsledku týmu

U Lucerny ST, Brno

Datum a čas kvízu

20 Celkem bodů Celkový počet nahraných bodů na tomto kvízu bez doplňovacích otázek.
11. Pořadí na kvízu Konečné umístění týmu na tomto kvízu.

Zaznamenané odpovědi

# Otázka Odpověď Body Výsledky
1. Předsedou KDU-ČSL se na pátečn... Marek Výborný 0
2. Papež František proslul tím, ž... papež si nenechal políbit prsten a vždy ucuknul 1
3. Čtvrté manželství amerického h... Nicolas Cage 0
4. Tři moravské pivovary přestan... Litovel, Zubr, Holba 1
5. Doplňte jedním slovem dialog,... popelník 0
6. Vaším úkolem bude uhodnout kře... Jaroslav / Tomáš Satoranský 0
7. Čtvrté nejčastější příjmení v... Petr / Pavel / Petra Svoboda 0
8. Nejstarším z další trojice je... Emanuel / David Moravec; Nikol Moravcová 0
9. Tento anglický herec, držitel... Clive / Michael Owen 0
10. Generál (1885–1945) a hudebník... George, Mike Patton 0